000 00864nam a22002535i 4500
001 13651
003 ES-MaACL
005 20250803081739.0
007 t|
008 930322s1992 sp c |||| |dspa d
020 _a84-451-0575-2
080 _a013(460)"19"
080 _a929-055.2(460)"19"
100 1 _aFalcón, Lidia,
_d1935-
_948707
245 1 0 _aCatálogo de escritoras feministas actuales en lengua castellana /
_cLidia Falcón, Elvira Siurana.
246 3 4 _aEscritoras feministas
260 _aMadrid :
_bComunidad, Dirección General de la Mujer,
_c[1992]
300 _a95 p. ;
_c24 cm.
650 1 4 _aEscritoras españolas-
_vBiobibliografías.
_9145636
700 1 _aSiurana, Elvira
_9106716
710 1 _aMadrid (Comunidad Autónoma).
_bDirección General de la Mujer.
_95615
852 _aES-MaACL
_jL-21036
999 _c13651
_d13651